| 000 | 00403nam a22001691a 4500 | ||
|---|---|---|---|
| 001 | 4087 | ||
| 003 | OSt | ||
| 005 | 20260204211915.0 | ||
| 008 | 050620s1996||||cu ||||||b||||||||||spa|| | ||
| 050 | _a868.44 M522g | ||
| 100 | _aMencia, Mario | ||
| 245 | _aEl grito del moncada / Mario Mencia | ||
| 264 | _aCuba : Editora PolĂtica | ||
| 300 | _aVol. II | ||
| 650 | _aEscritos CubanosĂ | ||
| 942 |
_2ddc _cBK |
||
| 999 |
_c4087 _d4087 |
||